Statistics for The Clubs Manchester City Bought From

Click here to take the quiz!

General Stats

  • This quiz has been taken 149 times
  • The average score is 15 of 21

Answer Stats

#PlayerClub% Correct
7Raheem SterlingLiverpool
97%
2Kyle WalkerTottenham Hotspur
95%
31EdersonBenfica
92%
3Rúben DiasBenfica
92%
8İlkay GündoğanBorussia Dortmund
92%
26Riyad MahrezLeicester City
92%
10Sergio AgüeroAtlético Madrid
89%
16RodriAtlético Madrid
89%
17Kevin de BruyneVfL Wolfsburg
85%
22Benjamin MendyAS Monaco
79%
20Bernardo SilvaAS Monaco
79%
27João CanceloJuventus
79%
6Nathan AkéBournemouth
77%
5John StonesEverton
77%
14Aymeric LaporteAthletic Club
70%
21Ferran TorresValencia
70%
25FernandinhoShakhtar Donetsk
58%
9Gabriel JesusPalmeiras
40%
13Zack SteffenColumbus Crew
15%
11Oleksandr ZinchenkoFC Ufa
15%
34Philippe SandlerPEC Zwolle
9%

Score Distribution

Percentile by Number Answered

Percent of People with Each Score

Your Score History

You have not taken this quiz